Definovanie globalizácie ako dôležitého aspektu zvyšovania ekonomickej výkonnosti

Rôzne pohľady ekonómov na globalizáciu. Jednotlivé etapy vývoja globalizácie, jej prínosy a riziká. Vplyv globalizácie na ekonomiku Slovenska.

Na minha lista:
Detalhes bibliográficos
Autor principal: Kováčiková, Petra
Formato: Capítulo de Livro
Idioma:eslovaco
Assuntos:
Tags: Adicionar Tag
Sem tags, seja o primeiro a adicionar uma tag!

MARC

LEADER 00000nla$a2200000$$$4500
001 0111810
005 20240502072235.3
041 0 |a slo 
044 |a SK 
245 1 0 |a Definovanie globalizácie ako dôležitého aspektu zvyšovania ekonomickej výkonnosti  |c Petra Kováčiková 
520 |a Rôzne pohľady ekonómov na globalizáciu. Jednotlivé etapy vývoja globalizácie, jej prínosy a riziká. Vplyv globalizácie na ekonomiku Slovenska. 
610 2 0 |a globalizácia 
610 2 0 |a definície 
610 2 0 |a hospodárstvo národné 
610 2 0 |a výkonnosť ekonomiky 
610 2 0 |a Slovensko 
100 1 |a Kováčiková, Petra